Visión crítica de la explicación de la tiranía basada en los roles : pensando más allá del experimento de la prisión de Standford /

Este artículo cuestiona el diseño, los procedimientos y la interpretación de los resultados del conocido "Experimento de la Prisión de Stanford" realizado por Cimbrado y colaboradores. Un estudio alternativo, el denominado "Experimento de la Prisión de la BBC" ha obtenido resultados de este nuevo es...

Full description

Bibliographic Details
Main Author: Haslam, S. Alexander
Other Authors: Reicher, Stephen D.
Format: Analitica de revista
Language:Spanish

MARC

LEADER 00000cab a2200000 a 4500
001 041369
003 UAHC_CL
005 20170803124552.0
008 040428b xx j 000 1 spa
040 |a UAHC_CL  |c UAHC_CL  |d UAHC_CL 
100 1 |a Haslam, S. Alexander 
245 1 0 |a Visión crítica de la explicación de la tiranía basada en los roles :  |b pensando más allá del experimento de la prisión de Standford /  |c S. Alexander Haslam, Stephen D. Reicher. 
300 |a pp. 3-15 
500 |a Revista de Psicología Social (España). 2004, vol 19 (2). p.115-122 
500 |a Revista de Psicología Social (España). 2004, vol 19 (2). p.115-122 
520 |a Este artículo cuestiona el diseño, los procedimientos y la interpretación de los resultados del conocido "Experimento de la Prisión de Stanford" realizado por Cimbrado y colaboradores. Un estudio alternativo, el denominado "Experimento de la Prisión de la BBC" ha obtenido resultados de este nuevo estudio son interpretados dentro de marco de la Teoría de la Identidad Social y sugieren una visión radicalmente diferente de la psicología del poder y la tiranía. 
520 |a Este artículo cuestiona el diseño, los procedimientos y la interpretación de los resultados del conocido "Experimento de la Prisión de Stanford" realizado por Cimbrado y colaboradores. Un estudio alternativo, el denominado "Experimento de la Prisión de la BBC" ha obtenido resultados de este nuevo estudio son interpretados dentro de marco de la Teoría de la Identidad Social y sugieren una visión radicalmente diferente de la psicología del poder y la tiranía. 
700 1 |a Reicher, Stephen D. 
759 |a PP142 
773 0 |t Revista de sociología  |w 041937 
900 |a REV. PSICOL. SOC.-02/04 
942 |c REVA 
952 |0 0  |1 0  |4 0  |6 REV___PSICOL__SOC_02_04_000000000000000  |7 0  |8 General  |9 77700  |a BC  |b BC  |c General  |d 2017-08-03  |l 0  |o REV. PSICOL. SOC.-02/04  |p FICTICIO6843  |r 2019-01-08 00:00:00  |t 1  |w 2017-08-03  |y REVA 
999 |c 41369  |d 41369